Catálogo
 En Linea
Vista normal Vista MARC

Entrada Nombre personal

Número de registros utilizados en: 4

001 - NÚMERO DE CONTROL

  • campo de control: 11091

003 - IDENTIFICADOR DEL NÚMERO DE CONTROL

  • campo de control: BNPHU

005 - FECHA Y HORA DE LA ÚLTIMA TRANSACCIÓN

  • campo de control: 20250129112338.0

008 - DATOS DE LONGITUD FIJA

  • campo de control de longitud fija: 200615|| aca||aabn | a|a d

040 ## - FUENTE DE LA CATALOGACIÓN

  • Centro catalogador/agencia de origen: DO-SdBNP
  • Lengua de catalogación: spa
  • Centro/agencia transcriptor: BNPHU
  • Normas de descripción: rda

100 1# - ENCABEZAMIENTO-NOMBRE DE PERSONA

  • Nombre de persona: Rosario Fernández, Reina C.

370 ## - LUGAR ASOCIADO

  • Lugar de nacimiento: Bonao (La Vega, República Dominicana)
  • Lugar de residencia/sede: Santo Domingo (República Dominicana)

400 1# - TRAZADO DE VÉASE--NOMBRE DE PERSONA

  • Nombre de persona: Fernández, Reina C. Rosario

400 1# - TRAZADO DE VÉASE--NOMBRE DE PERSONA

  • Nombre de persona: Rosario, Reina

670 ## - FUENTE DE DATOS ENCONTRADOS

  • Cita de la fuente: Work cat.: (OSt)3426: República Dominicana. [Leyes, etc.] 11088, Ley general de archivos de la República Dominicana :, 2009

670 ## - FUENTE DE DATOS ENCONTRADOS

  • Cita de la fuente: El exilio republicano español en la sociedad dominicana, 2010: |
  • Información encontrada: portada (Reina C. Rosario Fernández)

670 ## - FUENTE DE DATOS ENCONTRADOS

  • Cita de la fuente: Identidades de la población de origen jamaiquino en el Caribe costarricense, 2015:
  • Información encontrada: portada (Reina Rosario) solapa frontal (n. Bonao, República Dominicana; profesor-investigador, Instituto Tecnológico de Santo Domingo (INTEC) y la Universidad Autónoma de Santo Domingo (UASD), directora del Instituto de Historia y de la Revista Ecos) verso portada (Reina Cristina Rosario Fernández)

Con tecnología Koha